| 000 | 00664nam a22001937a 4500 | ||
|---|---|---|---|
| 999 |
_c158639 _d158639 |
||
| 005 | 20181110115149.0 | ||
| 010 | _aENG-124461 | ||
| 020 |
_a9780199485543 _c995.00 |
||
| 035 | _aEN-107993 | ||
| 037 | _bDBAD/PUB | ||
| 082 | _a327.54051 | ||
| 100 | _aSen, Tansen | ||
| 245 |
_aIndia, china, and the world: _cby Tansen Sen _ba connected history / |
||
| 260 |
_aNew Delhi _bOxford University Press _c2018 |
||
| 270 |
_bNew Delhi _e110002 _a2/11 Ground Floor, Ansari Road, Daryaganj, |
||
| 300 |
_axviii,541p _c22cm.(Hb) _bill.map. |
||
| 500 | _aIt includes conclusion, bibliography, index and about the author | ||
| 942 |
_2ddc _cEN _h327.54051 _mSEN |
||